00488nam a2200109Ia 4500008004100000100003300041245013100074260006300205300001800268650001700286856007500303160712s9999 xx 000 0 und d aAriate, Maria Ima Carmela L. cMaria Ima Carmela L. AriateaAllegories of the Vietnamese Past: Unification and the Production of a Modern Historical Identity c2014bKasarinlan Philippine Journal of Third World Studies avol. 29 no. 1 xINDEPENDENCE uhttp://journals.upd.edu.ph/index.php/kasarinlan/issue/view/486/showToc